Ako štát prichádza o miliardy

Definícia čierneho alkoholu. Formy produkcie čierneho alkoholu. Machinácie s dovozom liehu. Nelegálne výrobne alkoholu. Opatrenia pre zamedzenie nelegálnej výroby a dovozu čierneho alkoholu.

Salvato in:
Dettagli Bibliografici
Autore principale: Handzo, Juraj
Natura: Capitolo di libro
Lingua:slovacco
Soggetti:
Tags: Aggiungi Tag
Nessun Tag, puoi essere il primo ad aggiungerne!!

MARC

LEADER 00000naa a2200000 4500
001 r045119
005 20230920074839.1
041 0 |a slo 
044 |a SK 
245 1 0 |a Ako štát prichádza o miliardy  |c Juraj Handzo 
520 |a Definícia čierneho alkoholu. Formy produkcie čierneho alkoholu. Machinácie s dovozom liehu. Nelegálne výrobne alkoholu. Opatrenia pre zamedzenie nelegálnej výroby a dovozu čierneho alkoholu. 
610 2 0 |a činnosť trestná 
610 2 0 |a nápoje alkoholické 
610 2 0 |a pašeráctvo 
610 2 0 |a dane spotrebné 
610 2 0 |a únik daňový 
610 2 0 |a dovoz 
610 2 0 |a Slovensko 
100 1 |a Handzo, Juraj